000 00744nam a22002297a 4500
005 20170124110102.0
010 _aB-106928
020 _c00.00
_a019565983
035 _aB-106928
037 _bCen Lib/Ret
040 _aDPL
_bEN
082 _a954.16
_bSPE
100 _aSpear, Percival
_927458
245 _aThe Delhi omnibus :
_cby Percival Spear
_ba historical sketch /
260 _bOxford University Press
_c2002
_aNew Delhi
270 _bNew Delhi
_aYMCA building , Jai Singh Road
_e110001
300 _axvi, 341p.
_c21cm(Hb)
500 _aIncludes glossary, bibliographical references and index
650 _aHistory
_zDelhi
_9418
650 _aCulture and society
_927459
942 _2ddc
_cEN
_h954.16
_mSPE
999 _c129808
_d129808